000 00349nam a2200145 a 4500
001 727
003 CDMR
005 20130116135157.0
008 130130s1964||||||||||||||||||||||||||||d
040 _aCDMR
_bcat
_cCDMR
100 1 _aSholes, Percy A.
_9563
245 1 0 _aDiccionario Oxford de música
260 _aBuenos Aires
_c1964
_bBartolomé
942 _cMON
999 _c727
_d727